[Event "Cancan Veterans-Women"]
[Site "Roquebrune"]
[Date "1998.09.19"]
[Round "12"]
[White "Ioseliani, Nana"]
[Black "Hort, Vlastimil"]
[Result "1-0"]
[WhiteElo "2495"]
[BlackElo "2525"]
[Annotator "Tsesarsky,I"]
[PlyCount "99"]
[EventDate "1998.09.07"]
[EventType "schev"]
[EventRounds "12"]
[EventCountry "FRA"]
[SourceTitle "CBM 067"]
[Source "ChessBase"]
[SourceDate "1998.11.30"]
[SourceVersion "2"]
[SourceVersionDate "1998.11.01"]
[SourceQuality "1"]

{[%mdl 16432]} 1. d4 d5 2. c4 e6 3. Nc3 Nf6 4. Nf3 Nbd7 5. Bg5 (5. cxd5 exd5 6.
Bf4 c6 7. Qc2 Bb4 8. e3 Nh5 (8... Ne4 9. Bd3 f5 10. Ne5 g5 11. Bg3 Nxg3 12.
hxg3 Nxe5 13. dxe5 Qe7 14. f4 Qf7 $132) 9. Bg5 Be7 10. Bxe7 Qxe7 11. O-O-O Nb6
12. h3 g6 13. Bd3 Ng7 14. g4 Be6 (14... Bd7 15. Kb1 O-O-O 16. Qb3 $5 Be6 $6 (
16... Kb8 17. a4 Be6 18. a5 Nc4 19. Qa4 (19. Bxc4 dxc4 20. Qa3 Qxa3 21. bxa3
$132) 19... Qf6 20. Be2 $14) (16... Ne8 17. a4 Be6 18. a5 Nc4 19. Qa4 $5 $14)
17. Rc1 $14 {0-1 Epishin,V-Ivanchuk,V/Tilburg2.18 1992/CBM 32/[ChessBase] (75)}
) 15. Ne2 $14 {Kasparov,G-Smyslov,V/URS-ch Moscow/1988/}) 5... c6 6. cxd5 exd5
7. Qc2 Be7 8. e3 Nh5 9. Bxe7 (9. h4 Nf8 (9... h6 10. Bxe7 Qxe7 11. g4 Nhf6 12.
Rg1 Nb6 13. g5 hxg5 14. hxg5 Ne4 15. Nxe4 dxe4 16. Nd2 $14 {1-0 Taimanov,
M-Eliskases,E/Buenos Aires ARG-URS 1954 (59)}) (9... Nb6 10. Bd3 h6 11. Bxe7
Qxe7 12. Ne5 Nf6 13. O-O-O $14 {1-0 Babula,V-Georgiev,V/Odorheiu Secuiesc zt
1995 (50)}) 10. e4 h6 11. Bxe7 Qxe7 12. O-O-O dxe4 13. Nxe4 Ng6 14. Re1 (14.
Bc4 O-O 15. Neg5 Qf6 $15 {1-0 Furman Semen-Khasin,A/URS 1952/Inf 01 (38)})
14... Be6 15. Nc5 $14) 9... Qxe7 10. O-O-O (10. Bd3 Nf4 11. O-O Nxd3 12. Qxd3
O-O 13. Nd2 Nf6 14. f3 c5 15. dxc5 Qxc5 $11 {[%csl Rd5,Re3] 1/2-1/2 Nemet,
I-Gheorghiu,F/SUI-chT 1995/EXP 49 (15)}) 10... Nb6 (10... g6 $6 11. g4 $1 Nhf6
(11... Ng7 12. Rg1 $16) 12. Rg1 $14 {1-0 Portisch,L-Andersson,U/Reggio Emilia
1987/Inf 45/[Ftacnik,L] (53)} (12. h3 $14)) 11. h3 $1 (11. Bd3 Bg4 (11... Be6
12. Kb1 O-O-O 13. Na4 Nf6 14. Nc5 Kb8 15. Rc1 Rc8 16. Ka1 $14 {1/2-1/2 Bagirov,
V-Nei,I/URS-ch27 Leningrad 1960/URS-ch (32)}) 12. Kb1 Bxf3 13. gxf3 O-O-O 14.
h4 Kb8 15. Rdg1 g6 16. f4 $132 {1-0 Varga,P-Lazovic,G/Zalakaros op 1995/EXT
95op (36)}) (11. Kb1 g6 12. Bd3 Be6 13. Na4 (13. Rc1 Ng7 14. Rhe1 O-O 15. h3 a5
16. g4 a4 17. Ka1 Ne8 18. Rg1 Nd6 19. h4 Nbc4 20. Nxa4 Ra5 21. Nc3 Rfa8 22. Qb3
Ne4 23. Nxe4 Rxa2+ 24. Qxa2 Rxa2+ 25. Kxa2 dxe4 26. Bxc4 exf3 27. Bxe6 Qxe6+
28. b3 Qe4 29. Kb2 Kg7 30. h5 f6 31. hxg6 Kxg6 32. Rc5 b6 33. Rf5 Qd3 34. Rc1
Qe2+ 35. Rc2 h6 36. Rh5 Qf1 37. Rf5 Qe2 38. b4 Qe1 39. Kb3 {1/2-1/2 Nikolic,
P-Greenfeld,A/Vidmar-mem 1989/CBM 14 (39)}) 13... Nxa4 14. Qxa4 Ng7 15. Ka1 Bf5
16. Be2 h5 17. Rc1 Kf8 18. b4 a6 19. b5 cxb5 20. Bxb5 Ne6 21. Bd7 Kg7 22. Ne5
Rhd8 23. Bxe6 Bxe6 24. Rc5 {1/2-1/2 Stempin,P-Matlak,M/Polanica Zdroj 1989/EXT
89 (24)}) (11. Ne5 Nf6 12. Bd3 Be6 13. Kb1 Nfd7 14. Nxd7 Nxd7 15. f3 O-O-O 16.
Na4 Kb8 17. Rhe1 Rhe8 {1/2-1/2 Rajkovic,D-Cabrilo,G/JUG-Cup Svetozarevo 1990/
EXT 90 (17)}) 11... g6 12. Bd3 (12. g4 Ng7 13. Bd3 Be6 14. Ne2 $14 {1/2-1/2
Kasparov,G-Smyslov,V/URS-ch55 Moscow 1988/URS-ch (20)}) 12... Be6 (12... Bd7
13. Rhe1 (13. Kb1 O-O-O 14. Rc1 Kb8 15. g4 Ng7 16. Ne2 (16. Nd2 h5 17. Rhg1
hxg4 18. hxg4 Rh2 19. Nf3 Rh3 20. Ne5 Ne6 $132) 16... f6 17. Ng3 $14) 13...
O-O-O 14. Ne5 Be6 15. g4 Ng7 16. f4 f6 17. Nf3 Kb8 18. Kb1 Ne8 19. f5 gxf5 20.
gxf5 Bf7 21. e4 $132 {0-1 Volkov,S-Kiriakov,P/Moscow-chJ 1993/EXT 93ch (61)})
13. Kb1 (13. Na4 Ng7 (13... Nxa4 14. Qxa4 O-O 15. g4 Nf6 16. Kb1 (16. Qc2 Rac8
17. Kb1 c5 18. dxc5 Rxc5 19. Qa4 Ne4 20. Rhf1 a6 21. Nd4 Rfc8 $132) 16... Ne4
17. Qc2 Rac8 18. Bxe4 dxe4 19. Nd2 Rfe8 20. Qxe4 Bxa2+ 21. Kxa2 Qxe4 22. Nxe4
Rxe4 23. Kb3 $14) 14. g4 O-O-O 15. Nc5 Kb8 16. Kb1 Ne8 17. Rc1 $14 {1/2-1/2
Czerwonski,A-Michenka,J/Frydek-Mistek op 1994/EXT 94op (44)}) 13... Ng7 (13...
O-O-O 14. Na4 Ng7 15. Rc1 Qb4 16. Nc5 Nd7 17. a3 Qa5 18. Na4 $14 {1/2-1/2
Polak,T-Michenka,J/CZE-chT9495 1995/EXT 95ch (54)}) 14. g4 O-O-O 15. Na4 (15.
Rc1) 15... Nxa4 16. Qxa4 Kb8 17. Rc1 f6 $2 $16 (17... Ne8 18. Rc3 Nd6 19. Ra3
Nc8 20. Rc1 (20. Ne5 f6 $11) 20... f6 21. Rb3 Nb6 $11) 18. Rc3 Rd6 19. Rhc1 Rc8
(19... g5 20. Ra3 b6 21. Rxc6 $16) 20. Ra3 b6 21. g5 $1 {[%csl Ge5]} (21. Rac3
h5 22. Nh4 g5 23. Ng6 Qd7 24. gxh5 Nxh5 25. h4 g4 26. Qc2 Qf7 27. Rh1 $14)
21... Bf5 (21... fxg5 22. Ne5 (22. Nxg5 Bf5 23. Nf3 Bxd3+ 24. Rxd3 Qe4 25. Ne5
Ne6 26. f3 Qf5 27. Rc2 Nd8 28. h4 Rc7 $132) 22... c5 23. dxc5 bxc5 24. Rxc5
Rxc5 25. Qb4+ Qb7 26. Qxc5 Rb6 27. b3 Bxh3 28. Ra5 Be6 29. Bb5 Bf5+ 30. Kb2 Ne6
31. Nc6+ Rxc6 32. Qxc6 Qxc6 (32... Qg7+ 33. Ka3 $18) 33. Bxc6 d4 34. e4 Bh3 35.
Rd5 Kc7 36. Bd7 Nf4 37. Bxh3 Nxh3 38. Rxd4 Nxf2 39. e5 h5 40. e6 Ng4 41. e7 Nf6
42. Rd8 g4 43. Rf8 Kd7 44. Rxf6 Kxe7 45. Rxg6 $18) 22. gxf6 Rxf6 (22... Bxd3+
23. Rxd3 Rxf6 24. Ne5 $16) 23. Ne5 Qb7 (23... Bxd3+ 24. Rxd3 $16) 24. Rac3
Bxd3+ 25. Nxd3 $2 $14 (25. Rxd3 $1 Ka8 (25... Rxf2 26. Nxc6+ Ka8 27. Rdc3 (27.
Ra3 Rf7 28. Nxa7 Rxc1+ 29. Kxc1 Rf1+ 30. Kd2 Kb8 31. Rc3 $18) 27... Qd7 (27...
b5 28. Qa5 a6 29. Nd8 $1 $18) 28. Qa6 Qb7 29. Na5 $1 $18) 26. Rd2 (26. Rdc3 c5
(26... Rxf2 27. Nxc6 $18) 27. dxc5 (27. Nd7 b5 $19) 27... bxc5 28. Nd7 $2 (28.
Rxc5 $1 Rxc5 29. Rxc5 Rxf2 30. Nd3 Rf8 (30... Rf1+ 31. Nc1 $16) 31. Nf4 g5 32.
Nxd5 Rf1+ 33. Kc2 Rf2+ 34. Kd3 $1 Rf7 35. Rc8+ $18) 28... Ra6 29. Qg4 $8 c4 30.
Ne5 Rb8 $132) 26... Nf5 27. Rdc2 Ne7 28. f3 Re6 29. e4 c5 30. Qb3 Rf8 31. Qe3
g5 32. Qxg5 dxe4 33. Qg7 Rd8 34. Qg4 Rxe5 35. dxe5 exf3 $16) 25... Nf5 26. Nc5
$5 (26. Ne5 Ne7 $14) 26... bxc5 $2 $16 (26... Qe7 27. Na6+ (27. Nd3 Qb7 (27...
Qe4 28. Ka1 Ne7 $14) 28. Ne5 Ne7 29. f3 $14) 27... Kb7 28. Nb4 Qe4+ 29. Ka1 Ne7
30. Qa6+ Kb8 31. Ra3 Rc7 $132) 27. Rb3 cxd4 28. exd4 (28. Rxb7+ Kxb7 29. Qb4+
Ka8 30. exd4 Re6 $16) 28... Re6 29. Rxb7+ Kxb7 30. a3 Ka8 (30... Re4 31. Rd1
Rce8 32. Rd3 Nd6 33. Qb4+ Kc7 34. Qc5 $16) 31. Rc3 Ne7 32. Rb3 Nf5 33. Qb4 Re7
34. Qc5 Rb7 $2 $18 (34... Re6 $16) 35. Rxb7 Kxb7 36. b4 Rd8 (36... a6 37. a4
$18) 37. a4 Rd7 38. Kc2 Rd6 39. Kb3 (39. Kd3 Kb8 40. a5 $18) 39... Kb8 40. a5
Kb7 41. Ka4 h5 42. Qc3 (42. b5 cxb5+ 43. Qxb5+ Kc7 44. a6 Rd7 (44... Rc6 45.
Qb7+ Kd6 46. Qxa7 Rc4+ 47. Ka5 Nxd4 48. Qb8+ Kd7 49. Qb7+ Kd6 50. a7 Nc6+ 51.
Qxc6+ Rxc6 52. a8=Q $18) 45. Qc5+ Kd8 46. Qc6 Ne7 47. Qa8+ Nc8 48. h4 Rd6 49.
Kb5 Rb6+ 50. Ka5 Rd6 51. f4 Kc7 52. Qb7+ Kd8 53. Qb8 Kd7 54. Qb5+ Ke6 55. Qb7
Ne7 56. Kb5 Rd7 57. Kc5 Nf5 58. Qc6+ Rd6 59. Qa8 Rd7 60. Qg8+ Kf6 61. Qe8 (61.
Kc6 Ne7+ 62. Kxd7 Nxg8 $19) (61. Qf8+ Ke6) 61... Re7 62. Qf8+ Ke6 63. Qg8+ Kf6
64. Qxd5 $18) 42... Re6 43. Qc5 Ne7 44. h4 Re4 (44... Kb8 45. a6 Nc8 46. Qf8
Kc7 47. Qf7+ Kd6 48. Kb3 $18) 45. Qd6 a6 46. Qd8 g5 47. hxg5 h4 48. g6 h3 49.
Qd7+ Kb8 50. g7 1-0

[Event "WchT 4th"]
[Site "Luzern"]
[Date "1997.10.27"]
[Round "3.4"]
[White "Novikov, Igor A"]
[Black "Borges Matos, Juan R"]
[Result "0-1"]
[WhiteElo "2590"]
[BlackElo "2480"]
[Annotator "Tsesarsky,I"]
[PlyCount "154"]
[EventDate "1997.10.25"]
[EventType "team-tourn"]
[EventRounds "9"]
[EventCountry "SUI"]
[SourceTitle "CBM 062"]
[Source "ChessBase"]
[SourceDate "1998.01.31"]
[SourceVersion "1"]
[SourceVersionDate "1998.01.31"]
[SourceQuality "1"]
[WhiteTeam "Ukraine"]
[BlackTeam "Cuba"]
[WhiteTeamCountry "UKR"]
[BlackTeamCountry "CUB"]

1. d4 {Hecht} d5 2. c4 c6 3. Nf3 Nf6 4. Nc3 e6 5. Bg5 Nbd7 6. cxd5 exd5 7. e3
Be7 8. Qc2 O-O 9. Bd3 Re8 10. O-O Nf8 11. Rae1 Be6 12. Ne5 N6d7 13. Bxe7 Rxe7
14. f4 f6 15. Nf3 Nb6 16. f5 (16. Kh1 {/\ Rg1, g4 Jussupow}) 16... Bf7 17. h3 (
17. g4 Nc8 (17... h6 18. Nh4 Nc4 (18... Rc8 $5 19. Qf2 c5 $132) 19. Bxc4 dxc4
20. Nf3 b5 21. e4 Nd7 (21... b4 22. Ne2 Qd7 23. e5 Bd5 (23... b3 24. axb3 cxb3
25. Qc1 $16) 24. e6 $14 (24. exf6 gxf6 25. Qd2 Rg7 26. h3 Qxf5 27. Qxh6 Qh7 28.
Qxh7+ Rxh7 29. Nf4 $11)) 22. b4 (22. e5 $2 fxe5 23. Qf2 (23. dxe5 Nxe5 $17)
23... exd4 {Leitao,R-Klovans,J/Koop Tjuchem op 1996/EXT 97/0-1 (92)}) (22. Ne2
Qa5 23. Nf4 Rae8 24. Re3 b4 $132 (24... c5 25. d5 Nb6 26. Ne6 $16)) 22... cxb3
23. axb3 a5 $132) (17... Qd6 $14 18. e4 (18. Nh4 Rae8 19. Ng2 Nc4 20. Nd1 (20.
Qf2 Qb4 $17) 20... Nd7 21. b3 Na3 22. Qb2 Qb4 23. Rf4 $132 {1-0 Razuvaev,
Y-Beliavsky,A/Sochi 1986 (46)}) 18... dxe4 19. Nxe4 Qc7 20. g5 Nd5 21. Bc4 Kh8
22. gxf6 gxf6 23. Qd2 Ne3 $1 24. Rxe3 Bxc4 25. Rfe1 Nd7 $17 (25... Rg7+ $6 26.
Ng3 Bd5 (26... Qf4 $15) 27. Kf2 Rd8 $2 (27... Qf4 $15) 28. Re8 Kg8 $4 (28...
Rxe8 $2 29. Rxe8 $16 Qf7 30. Ra8 b6 (30... a6 31. Qb4 Rg8 32. Ra7 Bxf3 33. Rxb7
Qd5 34. Qe7 Qxd4+ 35. Kxf3 Qg4+ 36. Ke3 $16) 31. Qh6 Bxf3 32. Kxf3 c5 33. Kf2
Qe7 (33... cxd4 34. Nh5 $18) 34. Nh5 Rf7 35. Nf4 Kg8 36. Ne6 cxd4 37. Qf4 $16)
(28... Qd7 $1 29. Qe3 Bxa2 30. Rxd8 Qxd8 31. Ra1 Bd5 32. Rxa7 Qb6 33. Qa3 Nd7
$15) 29. Nh5 Rxe8 (29... Rf7 30. Nxf6+ $1 $18) 30. Nxf6+ $18 {1-0 Yusupov,
A-Spassky,B/Montpellier ct 1985 (33)})) 18. Qg2 Nd6 19. g5 Kh8 (19... Bh5 20.
gxf6 Rf7 21. e4 dxe4 22. Nxe4 Nxe4 23. Rxe4 Rxf6 24. Ne5 $132) 20. g6 Be8 21.
gxh7 Bh5 22. Nh4 Qe8 23. Qh3 (23. Nxd5 $2 cxd5 24. Qxd5 Nf7 $8 25. Ng6+ Bxg6
26. fxg6 Nh6 $17) (23. Ng6+ Nxg6 24. fxg6 f5 $17) 23... Rd8 24. Ng2 g5 25. fxg6
Bxg6 26. Bxg6 Qxg6 27. Qg3 Qxg3 {- Smejkal,J-Morovic Fernandez,I/Dubai olm
1986/TD 86\02} 28. hxg3 Nxh7 $15) (17. b3 Qd6 18. e4 dxe4 (18... Bh5 19. e5 Qb4
20. a3 (20. exf6 Rxe1 21. Rxe1 Bxf3 22. fxg7 Qxd4+ 23. Kh1 Bxg2+ 24. Qxg2 Nfd7
$17) 20... Qxa3 21. Ra1 Qb4 22. Na2 Qa5 23. Nc3 Qb4 $11) 19. Nxe4 Qc7 20. Qf2
Rae8 $15 {Feldman,V-Drummond,M/Sydney op 1992/EXP 33/0-1 (62)}) 17... Qc7 18.
Qf2 Rae8 19. Re2 (19. e4 dxe4 20. Rxe4 Rxe4 21. Bxe4 Qf4 $15) 19... Nc8 20. Nd2
(20. g4 Nd6 21. Kh1 Nd7 22. Rg1 c5 $132) 20... Nd7 21. Rfe1 c5 22. Qf3 (22. e4
cxd4 23. Qxd4 Qb6 24. Nb3 Ne5 25. Bb5 Nc6 26. Qxb6 Nxb6 27. Kf2 $11) 22... Qd6
$132 23. Bb5 (23. Bc2 a6 24. Nb3 b6 (24... b5 25. a3 $132) 25. e4 cxd4 26. Nxd4
$11) 23... a6 24. dxc5 (24. Bxd7 Rxd7 (24... Qxd7 25. dxc5 d4 26. exd4 Qxd4+
27. Qf2 Qxf2+ 28. Kxf2 $16) 25. dxc5 Qxc5 26. Nb3 Qb4 27. Nd4 Nb6 $132) 24...
Qxc5 25. Bxd7 Rxd7 26. Nb3 Qb6 $11 (26... Qb4 $11) 27. Na4 (27. Rd1 Re5 28. Nd4
Nd6 29. b3 Rde7 30. Na4 Qa5 31. Nb2 $132) (27. Nd4 $142 $11) 27... Qa7 (27...
Qb4 $11) 28. Nac5 (28. Rc1 Nd6 29. Nac5 Rc7 30. Qf4 Qb6 31. Ree1 Re5 32. g4 Nc4
33. Qd4 Rce7 34. e4 (34. Rc3 Nxb2 $17) 34... Qb5 $17) 28... Rde7 29. Rc1 Nd6 (
29... b6 30. Ne6 Bxe6 31. fxe6 Rxe6 32. Qxd5 Qf7 33. Nd4 R6e7 $11) 30. Nd4 Re5
(30... Qb6 31. b3 Qb4 32. Nd3 Qa3 33. Rcc2 Ne4 34. Nf2 $132) 31. Kh2 $6 (31. b3
$132) 31... Nc4 $15 32. Nce6 $8 Bxe6 33. Nxe6 Nxe3 (33... Rxe3 $2 34. Qxd5 $1
Qb8+ (34... Rxe2 35. Ng5+ R2e6 (35... Kh8 $4 36. Nf7+ Kg8 37. Nh6+ Kh8 38. Qg8+
Rxg8 39. Nf7#) 36. Nxe6 $18) 35. Kh1 Nb6 36. Qd2 Rxe2 37. Qxe2 $14) 34. Rc7 (
34. Nc7 Rc8 35. Rc3 d4 (35... Qb8 36. Rcxe3 Rxe3 37. Qxd5+ Kh8 38. Rxe3 Qxc7+
39. Rg3 (39. g3 Qc2+ 40. Qg2 Qxf5 $17) (39. Kg1 Qc1+ 40. Kf2 Qxb2+ $19) 39...
Re8 40. Qd3 b5 41. b4 Re5 42. a3 $11) 36. Nb5 $8 Qb8 37. Rxc8+ Qxc8 38. Nxd4
Qc1 $15) 34... R8xe6 (34... g6 35. Qf4 (35. Rg7+ Kh8 $19) 35... Nxf5 (35... g5
36. Nxg5 Nf1+ 37. Kh1 Rxe2 38. Nxh7 $18) 36. Rxe5 fxe5 37. Qxe5 Qe3 38. Qxe3
Nxe3 39. Nc5 b6 40. Nxa6 Rf8 $132) (34... R5xe6 35. fxe6 Qb6 36. Rxg7+ $1 Kxg7
37. Rxe3 Qd6+ 38. Kh1 Rxe6 39. Qg4+ Kf7 40. Qh5+ (40. Rg3 Re1+ 41. Kh2 Re3 42.
Qg8+ Ke7 43. Qxh7+ Kd8 44. Qg8+ Kc7 45. h4 d4 46. h5 (46. Kh3 Rxg3+ 47. Qxg3 d3
$19) 46... d3 47. h6 d2 48. h7 d1=Q 49. h8=Q Kb6 $1 $19 (49... Rxg3 50. Qxg3
Qxg3+ 51. Kxg3 $15)) 40... Kg7 41. Qg4+ $11) 35. fxe6 Qb8 36. Rc1 $2 (36. Rxb7
$1 Qxb7 (36... Nf1+ 37. Qxf1 Qxb7 38. Rxe5 fxe5 39. Qf5 Qc7 $132) 37. Rxe3 Qb8
(37... Rxe3 38. Qxe3 Qxb2 39. e7 (39. Kg3 Qe5+ 40. Kf3 h5 (40... Qxe3+ 41. Kxe3
Kf8 42. Kd4 Ke7 43. Kxd5 $18) 41. Qb6 d4 42. Kf2 Qe3+ 43. Kf1 Kh7 44. Qxa6 d3
45. e7 $11) 39... Qb8+ 40. Kg1 Kf7 $19) 38. Qg3 Qd6 39. Rb3 Rxe6 40. Rb8+ Kf7
41. Rb7+ Kf8 42. Rb8+ (42. Rxg7 d4 43. Rxh7 d3 44. Rh8+ Ke7 45. Rh7+ Kd8 46.
Rh8+ Kc7 $19) 42... Ke7 43. Rb7+ Kd8 44. Rxg7 (44. Qxd6+ Rxd6 45. Rxg7 d4 $17)
44... d4 45. Kg1 d3 46. Qf3 Qc5+ 47. Kh2 Qe5+ 48. Kh1 Qe1+ 49. Kh2 Qe5+ $11) (
36. Rxg7+ $2 Kxg7 37. Qg3+ Ng4+ 38. Kh1 (38. Qxg4+ Rg5+ $19) 38... Rxe2 (38...
Qe8 39. Rxe5 fxe5 40. Qxg4+ Kf6 41. Qh4+ Kxe6 42. Qxh7 $11) 39. Qxg4+ Kf8 40.
Qxe2 Qe5 $17) 36... Ng4+ $2 (36... Nf1+ $1 37. Kh1 (37. Qxf1 Rxe2+ 38. Kh1 Rxe6
(38... Re5 39. Qf2 Qe8 40. Qb6 Qxe6 41. Qxb7 Re1+ 42. Rxe1 Qxe1+ 43. Kh2 Qe5+
44. Kh1 Qd6 $17) 39. Qf5 Re8 40. Qxd5+ Kh8 $17) 37... Rxe2 38. Qxf1 Re5 (38...
Rxe6 39. Qf5 Re8 40. Qxd5+ Kh8 $17) 39. Qf2 Qe8 40. Qa7 h6 41. Qxb7 Qxe6 $17)
37. Qxg4 $11 (37. Kh1 Rxe2 38. Qxg4 Re5 $132 {This game}) 37... Rxe2+ 38. Kh1
Re5 39. e7 $2 (39. Qa4 $1 Rxe6 (39... h6 40. Qd7 Kh7 41. e7 Qg8 42. Rc7 $13)
40. Qd7 Rc6 $8 41. Qxd5+ Kf8 42. Rxc6 bxc6 43. Qxc6 $11) 39... Kf7 $17 40. Qd7
Rxe7 41. Qxd5+ Kg6 (41... Kf8 42. Qf5 Rc7 43. Rxc7 Qxc7 44. Qxh7 Qc1+ 45. Kh2
Qxb2 46. Qh8+ Kf7 47. Qh5+ Ke7 (47... Ke6 48. Qe8+ $11) 48. Qc5+ Ke6 49. Qc8+
$11) 42. Qd3+ Kh6 $1 (42... f5 43. g4 Qe5 44. gxf5+ Kf6 $15 (44... Qxf5 45.
Rg1+ $18)) 43. Qd2+ g5 44. Rd1 (44. Qf2 Qe5 $17) 44... Kg7 45. a4 Qe5 46. Qd8
h5 47. Rd7 $6 (47. b4 $17) 47... Kf7 48. Rxe7+ (48. b3 Rxd7 49. Qxd7+ Qe7 50.
Qd5+ Kg6 51. Qg8+ Qg7 52. Qe6 h4 $17) 48... Qxe7 $19 49. Qd1 Kg6 (49... h4 $19)
50. Qb3 Kh6 51. g3 a5 52. Kg2 Qc7 53. Qd1 Qc6+ 54. Kh2 Qe4 55. b3 Qe5 56. Kg2
h4 $5 (56... Kg6 57. Qf3 f5 58. Qxb7 Qe4+ 59. Qxe4 fxe4 60. Kf2 Kf5 $19) 57.
gxh4 gxh4 58. Qf3 f5 59. Kf2 Qh2+ (59... Kg5 60. Qg2+ Kf6 61. Qxb7 Qg3+ 62. Ke2
Qh2+ 63. Kd1 Qxh3 64. Qb6+ Kg5 65. Qd8+ Kg4 66. Qg8+ (66. Qd4+ f4 67. Qg7+ Kf3
68. Qc3+ Kg2 69. Qd2+ Kg1 $19) 66... Kf3 67. Qd5+ Kf2 (67... Kg3 68. Qxa5 Qf1+
69. Kd2 Qf2+ 70. Kc1 Qe3+ 71. Kc2 f4 72. Qg5+ Kh3 73. a5 Qe2+ 74. Kc3 f3 75.
Qf5+ Kh2 76. Qf4+ Kg1 77. a6 $11) 68. Qd4+ Kg3 69. Qe5+ f4 70. Qxa5 Qf1+ 71.
Kd2 Qf2+ 72. Kd3 Qe3+ 73. Kc2 h3 $19) 60. Kf1 Kg5 61. Qc3 Qd6 (61... Qf4+ 62.
Ke2 (62. Kg2 Kg6 $22 $19) 62... Qe4+ 63. Kf1 Kg6 $19) 62. Qxa5 Qd3+ 63. Kf2
Qc2+ 64. Kg1 Kf4 $1 65. Qd8 (65. Qe1 Kf3 $1 66. Qf1+ $8 Kg3 67. Qe1+ Kxh3 $19)
65... Kf3 $1 66. Qd5+ $8 Qe4 (66... Kg3 $19) 67. Qd1+ Qe2 68. Qf1+ Qxf1+ 69.
Kxf1 {[#] Hecht:  Tempospiel! Nicht der Bh3 ist das Opfer, um mit den Bauern
f+h vorzulaufen, sondern die Bauern a+b müssen erobert werden und Bb7 ist
Gewinnkandidat. Das Abzählen im Kopfrechenverfahren ergibt im Hauptspiel genau
ein Tempo plus für Schwarz. In der Variante, in der nicht nur Abzählen sondern
Mitdenken gefragt ist, scheitert Schwarz an der taktischen Feinheit 75. b6! um
genau ein Tempo.} Ke3 (69... Kg3 $2 {Hecht} 70. b4 Kxh3 71. a5 Kg3 72. b5 h3
73. Kg1 f4 74. a6 bxa6 75. b6 $1 (75. bxa6 f3 76. a7 h2+ $1 (76... f2+ $2 77.
Kf1 h2 78. a8=Q $18) 77. Kh1 f2 $19) 75... f3 76. b7 h2+ 77. Kh1 f2 78. b8=Q+
Kf3 79. Qb1 Ke2 80. Kg2 h1=Q+ 81. Qxh1 $18) 70. b4 Kd4 71. Ke2 Kc4 72. b5 Kb4
73. Kf3 Kxa4 74. b6 Kb5 75. Kf4 Kxb6 76. Kg5 Kc5 77. Kxh4 b5 0-1

[Event "NED-ch53"]
[Site "Rotterdam"]
[Date "1998.06.22"]
[Round "2"]
[White "Reinderman, Dimitri"]
[Black "Van der Sterren, Paul"]
[Result "1-0"]
[WhiteElo "2480"]
[BlackElo "2550"]
[Annotator "Tsesarsky,I"]
[PlyCount "61"]
[EventDate "1998.06.21"]
[EventType "tourn"]
[EventRounds "11"]
[EventCountry "NED"]
[EventCategory "12"]
[SourceTitle "CBM 066"]
[Source "ChessBase"]
[SourceDate "1998.09.30"]
[SourceVersion "1"]
[SourceVersionDate "1998.09.30"]
[SourceQuality "1"]

1. c4 e6 2. Nc3 d5 3. d4 Nf6 4. cxd5 exd5 5. Bg5 c6 6. e3 Be7 7. Bd3 Nbd7 8.
Qc2 O-O 9. Nge2 Re8 10. f3 c5 (10... Nf8 11. Bh4 Be6 (11... c5 12. O-O a6 13.
Rad1 c4 14. Bf5 b5 15. Bxc8 Rxc8 16. Nf4 N8d7 17. a3 Nb6 18. Qf5 $14 {Piskov,
Y-Sherbakov,R/URS-chT 1988/1-0 (53)}) (11... g6 12. O-O Ne6 13. Rad1 Bd7 14.
Kh1 Kg7 15. a3 a5 16. Bf2 Bd6 17. e4 dxe4 18. fxe4 Ng4 19. e5 Bf8 20. Ne4 $132
{Arlandi,E-Rahman,Z/Novi Sad olm ITA-BAN 1990/1/2-1/2 (55)}) (11... Nh5 12. Bf2
Bh4 13. g3 Be7 14. g4 Nf6 15. g5 N6d7 16. h4 b5 17. Ng3 Nb6 18. Kf1 Bd6 19. Nf5
Bxf5 20. Bxf5 Nc4 21. Re1 $132 {0-1 Bykhovsky,A-Murugan,K/Gausdal Peer Gynt
1991 (38)}) 12. O-O Rc8 (12... b6 13. Kh1 Bc8 14. Bf2 c5 15. Rad1 c4 16. Bf5
Bxf5 17. Qxf5 Qc8 18. Qc2 Qb7 19. e4 Red8 20. Bh4 $14 {1-0 Pinho,P-Neves,J/
Lisboa-ch 1993 (34)}) (12... Ng6 13. Bf2 c5 14. Qd2 cxd4 15. exd4 Bd6 16. f4
Bg4 17. f5 Bxe2 18. Nxe2 Nf8 19. Bh4 Ne4 20. Qe1 Be7 $11 {1/2-1/2 Kukkonen,
M-Laine,P/FIN t-ch 1995 (27)}) 13. Rad1 c5 14. dxc5 Bxc5 15. Nd4 Ng6 16. Bf2
Ne5 17. Nxe6 fxe6 18. Bb5 Rf8 19. Qe2 $132 {Arencibia,W-Russek,G/Granma zt
1987/1-0 (77)}) (10... Qc7 11. O-O-O b6 12. Nf4 $6 Bb4 13. Nfe2 Bb7 14. h4 c5
15. Bf4 $14 {1/2-1/2 Kuehn,B-Doetsch,D/RLPF-op Herxheim 1993 (34)}) (10... b5
11. O-O Qb6 12. h3 a6 13. a4 b4 14. a5 Qd8 15. Na4 $14 {1-0 Cruz Lopez,
C-Garcia Gomez,P/ESP-ch Canete 1994 (37)}) (10... Qa5 11. O-O h6 12. Bh4 c5 13.
Rad1 cxd4 14. Nxd4 Ne5 15. Bxf6 Bxf6 16. Nb3 Qd8 17. Bb5 $16 {Urday,H-Suarez,S/
Carlos Torre mem, Merida MEX 1997/1-0 (51)}) 11. O-O b6 (11... cxd4 12. Nxd4
Nf8 13. Rad1 h6 14. Bh4 a6 15. Kh1 $14 {1-0 Varga,P-Remling,C/Budapest FS03
IM-A 1994 (39)}) (11... h6 12. Bh4 cxd4 13. Nxd4 $14 (13. exd4 Nb8 14. Nb5 Nc6
15. a3 a6 16. Nbc3 $11 {0-1 Aleksieva,S-Muller,A/WchJW U18 Duisburg 1992 (21)})
) 12. Rad1 Bb7 13. dxc5 bxc5 14. Bb5 $14 Nh5 (14... a6 15. Ba4 Nh5 (15... Rf8
16. Nf4 Nb6 17. Bxf6 Bxf6 18. Nfxd5 Bxd5 19. Nxd5 Nxa4 20. Qxa4 Bxb2 21. Qc2
$16) 16. Bxe7 Qxe7 17. Nxd5 Bxd5 18. Rxd5 Qxe3+ 19. Rf2 Nhf6 20. Rxd7 Nxd7 21.
Bxd7 Red8 22. Ba4 Rd2 23. Qe4 Qxe4 24. fxe4 Rxb2 25. Nc3 $14) 15. Bxe7 Qxe7 16.
Nxd5 Bxd5 17. Rxd5 Qxe3+ 18. Rf2 Nhf6 19. Rd3 $1 (19. Rxd7 Nxd7 20. Bxd7 Red8
21. Ba4 Rd2 22. Qe4 Qxe4 23. fxe4 Rxb2 24. Nc3 Rab8 25. Bb3 Rxf2 26. Kxf2 c4
27. Bd1 Rb2+ 28. Kf3 $14) 19... Qe6 (19... Qe7 20. Ng3 $16) 20. Ng3 Rab8 21.
Bxd7 $1 (21. Re2 Qxa2 22. Bxd7 Rxe2 23. Qxe2 Rxb2 24. Qf1 c4 (24... Rb1 25. Rd1
$18) 25. Rd1 c3 26. Bh3 $16) 21... Nxd7 22. Re2 Qc6 $8 23. Nf5 $1 (23. Ne4 Nb6
24. Rc3 Na4 25. Rce3 Re5 26. b3 Nb6 27. f4 $16) 23... Rxe2 24. Qxe2 Qb5 $8 25.
Qd2 $1 $18 Nf6 (25... Nf8 26. Ne7+ Kh8 27. Rd8 c4 28. Nc8 $1 $18) 26. Qg5 (26.
Rb3 Qe8 27. Nxg7 $3 Kxg7 28. Qg5+ Kf8 29. Qxc5+ Kg8 30. Qg5+ Kf8 31. Rxb8 Qxb8
32. Qxf6 $18) 26... Ne8 $8 27. Rb3 Qe2 $8 28. Qe7 $2 $16 (28. Nh6+ Kh8 (28...
Kf8 29. Qxc5+ $18) 29. Nxf7+ Kg8 30. Qe5 $1 $18) 28... Qd1+ 29. Kf2 Qd2+ $2 $18
(29... Qc2+ 30. Kg3 Ra8 31. Qe5 h6 $16) 30. Kg3 Qd8 31. Rb7 1-0